[Event "XIII American Continental"]
[Site "Montevideo URU"]
[Date "2018.06.03"]
[Round "3"]
[White "Da Silva Junior, Sediney Mari"]
[Black "Gauche, Charles"]
[Result "1/2-1/2"]
[WhiteElo "1990"]
[BlackElo "2235"]
[EventDate "2018.06.01"]
[PlyCount "114"]

1.e4 c5 2.c3 e6 3.d4 cxd4 4.cxd4 d5 5.e5 Qb6 6.Nf3 Bd7 7.Be2 Bb5 8.Qb3 
Bxe2 9.Qxb6 axb6 10.Kxe2 Nc6 11.Nc3 f6 12.Rd1 Kd7 13.Be3 Bb4 14.Nb5 Ra5 
15.a4 Nge7 16.g4 Ng6 17.exf6 gxf6 18.g5 fxg5 19.Nxg5 Raa8 20.Rg1 Nge7 21.
Nf7 Rhg8 22.b3 Raf8 23.Nh6 Rg6 24.Rxg6 Nxg6 25.Rg1 Na5 26.Ng4 Rf5 27.Rc1 
Nc6 28.Rg1 Be7 29.Kd3 Rh5 30.Rg3 Rh4 31.h3 h5 32.Nf6+ Bxf6 33.Rxg6 Ke7 34.
Rg3 e5 35.dxe5 Nxe5+ 36.Kc2 Nd7 37.Nc7 Kd6 38.Ne8+ Ke5 39.Nxf6 Nxf6 40.
Bxb6 d4 41.Bd8 Re4 42.Rg5+ Ke6 43.Rg6 Re2+ 44.Kd3 Rxf2 45.Rxf6+ Rxf6 46.
Bxf6 Kxf6 47.a5 Ke5 48.b4 h4 49.b5 Kd5 50.a6 bxa6 51.bxa6 Kc6 52.Kxd4 Kb6 
53.Ke4 Kxa6 54.Kf4 Kb6 55.Kg5 Kc7 56.Kxh4 Kd7 57.Kg5 Ke7 1/2-1/2

[Event "XIII American Continental"]
[Site "Montevideo URU"]
[Date "2018.06.03"]
[Round "3"]
[White "Teixeira, Ricardo da Silva"]
[Black "Moccero, Eduardo"]
[Result "1-0"]
[WhiteElo "2235"]
[BlackElo "1970"]
[EventDate "2018.06.01"]
[PlyCount "35"]

1.Nf3 d5 2.c4 e6 3.d4 c5 4.cxd5 exd5 5.Nc3 Nc6 6.Bg5 Nf6 7.Bxf6 gxf6 8.e3 
Be6 9.Be2 Bd6 10.O-O Rg8 11.Kh1 Qd7 12.e4 cxd4 13.Nxd5 Bxd5 14.exd5 Qg4 
15.Ne1 Qh4 16.g3 Rxg3 17.fxg3 Bxg3 18.Nf3 1-0

[Event "XIII American Continental"]
[Site "Montevideo URU"]
[Date "2018.06.03"]
[Round "3"]
[White "Nascimento, Pedro Henrique Alves"]
[Black "Coppola, Claudio"]
[Result "1-0"]
[WhiteElo "1979"]
[BlackElo "2228"]
[EventDate "2018.06.01"]
[PlyCount "55"]

1.d4 Nf6 2.Bf4 c5 3.d5 g6 4.c4 b5 5.cxb5 a6 6.b6 Qxb6 7.Nc3 Qxb2 8.Bd2 Qb6
9.e4 d6 10.Rb1 Qc7 11.Bc4 Bg7 12.Nge2 Nbd7 13.O-O Ng4 14.Ng3 h5 15.h3 Nge5
16.Be2 c4 17.f4 Qa7+ 18.Kh2 Ng4+ 19.Bxg4 hxg4 20.Qxg4 Nf6 21.Qe2 Bg4 22.
Qe1 Qd7 23.f5 gxf5 24.exf5 O-O-O 25.Rb6 Nh5 26.Rc6+ Qxc6 27.dxc6 Be5 28.
Qb1 1-0

[Event "XIII American Continental"]
[Site "Montevideo URU"]
[Date "2018.06.03"]
[Round "3"]
[White "Borges, Guilherme Deola"]
[Black "Palma Neira, Eliseo Maximiliano"]
[Result "1-0"]
[WhiteElo "2219"]
[BlackElo "1956"]
[EventDate "2018.06.01"]
[PlyCount "157"]

1.d4 d5 2.c4 e6 3.Nc3 Nf6 4.Nf3 c6 5.e3 Nbd7 6.Qc2 Be7 7.b3 O-O 8.Bd3 b6 
9.O-O Bb7 10.Bb2 Qc7 11.Ne5 Rfe8 12.f4 g6 13.Rac1 Rac8 14.Qe2 c5 15.cxd5 
exd5 16.g4 Bf8 17.g5 Nh5 18.Qg4 Nxe5 19.dxe5 Rcd8 20.Rfd1 Bc8 21.Qf3 Bb7 
22.Qf2 Qd7 23.Be2 d4 24.Bf3 dxe3 25.Qxe3 Qh3 26.Ne4 c4 27.Bd4 Rd7 28.Bxh5 
Qxe3+ 29.Bxe3 Rxd1+ 30.Bxd1 Bxe4 31.Rxc4 Bd5 32.Rc7 Ra8 33.Be2 Bb4 34.Kf2 
Be6 35.Bf3 Rc8 36.Rxc8+ Bxc8 37.Bd5 Bf5 38.Bc1 Kf8 39.Bc4 Bc5+ 40.Be3 Ba3 
41.Bd2 Bc5+ 42.Kf3 Ba3 43.b4 Ke7 44.Ke2 Bb2 45.a4 Be6 46.Bd3 Bd4 47.a5 
Bg4+ 48.Ke1 Kd7 49.Bb5+ Ke7 50.Bc6 Ke6 51.Bg2 Ke7 52.Bd5 Be6 53.Bf3 Bc4 
54.Bg4 Be6 55.h3 Bc4 56.Kd1 Bd3 57.h4 Be4 58.h5 b5 59.Ke2 gxh5 60.Bxh5 a6 
61.Bg4 Bd5 62.Bf5 Bc4+ 63.Kf3 Bd5+ 64.Kg3 Bb7 65.Bxh7 Ke6 66.Kh4 Bf3 67.
Kg3 Bb7 68.Kg4 Ke7 69.Bf5 Kf8 70.g6 Kg7 71.gxf7 Kxf7 72.Bd7 Ke7 73.e6 Kf8 
74.f5 Ke7 75.Bg5+ Kd6 76.f6 Bd5 77.Kf5 Bg2 78.f7 Bg7 79.e7 1-0

[Event "XIII American Continental"]
[Site "Montevideo URU"]
[Date "2018.06.03"]
[Round "3"]
[White "Vazquez, Facundo"]
[Black "Fernandez, Maria Florencia"]
[Result "1-0"]
[WhiteElo "1969"]
[BlackElo "2203"]
[EventDate "2018.06.01"]
[PlyCount "83"]

1.d4 Nf6 2.c4 g6 3.Nf3 Bg7 4.g3 O-O 5.Bg2 d6 6.O-O Nc6 7.Nc3 Bf5 8.Be3 Ne4
9.Nxe4 Bxe4 10.d5 Na5 11.Bd4 c5 12.Bxg7 Kxg7 13.Qd2 Kg8 14.b3 b5 15.cxb5 
Qb6 16.Bh3 Bxf3 17.exf3 Qxb5 18.Rfe1 Rfe8 19.Re4 c4 20.b4 Nb7 21.a4 c3 22.
Qd4 e5 23.dxe6 Qc6 24.exf7+ Kxf7 25.Rf4+ Kg8 26.Bf1 d5 27.Bb5 Qe6 28.Re4 
dxe4 29.Bc4 Nd6 30.Bxe6+ Rxe6 31.Qxc3 Rae8 32.Re1 Re5 33.b5 g5 34.Qd4 Nf5 
35.Qc4+ Kg7 36.Rxe4 Nd6 37.Qc7+ Nf7 38.Rxe5 Rxe5 39.Qxa7 h5 40.Qd4 Kg6 41.
b6 h4 42.gxh4 1-0

[Event "XIII American Continental"]
[Site "Montevideo URU"]
[Date "2018.06.03"]
[Round "3"]
[White "Rodriguez Farias, Eduardo"]
[Black "Cabrera Pando, Ramiro"]
[Result "0-1"]
[WhiteElo "1943"]
[BlackElo "2196"]
[EventDate "2018.06.01"]
[PlyCount "70"]

1.e4 g6 2.d4 Bg7 3.Nc3 a6 4.Be3 b5 5.g3 Bb7 6.Bg2 d6 7.Nge2 Nd7 8.O-O Rb8 
9.f4 Ngf6 10.a3 c5 11.d5 Ng4 12.Bc1 b4 13.axb4 cxb4 14.Na4 Nb6 15.h3 Nxa4 
16.hxg4 Qb6+ 17.Kh2 Nxb2 18.Bxb2 Bxb2 19.Rb1 Bg7 20.c3 h5 21.g5 h4 22.g4 
O-O 23.Rxb4 Qc5 24.Qd3 a5 25.Ra4 Bc8 26.Kh3 Bd7 27.Raa1 Bb5 28.Qd2 Bxe2 
29.Qxe2 Qxc3+ 30.Kxh4 Qxa1 31.Rxa1 Bxa1 32.Qe1 Bd4 33.Qxa5 Rb3 34.Qd2 Bc5 
35.e5 Kg7 0-1

[Event "XIII American Continental"]
[Site "Montevideo URU"]
[Date "2018.06.03"]
[Round "3"]
[White "Cerda Albornoz, Guillermo"]
[Black "Chaves, Jorge Antonio Torres"]
[Result "1-0"]
[WhiteElo "2195"]
[BlackElo "1936"]
[EventDate "2018.06.01"]
[PlyCount "85"]

1.e4 e5 2.Nf3 Nc6 3.Bc4 Nf6 4.d3 Bc5 5.O-O d6 6.c3 O-O 7.a4 a6 8.a5 Ba7 9.
Nbd2 h6 10.Re1 Ne7 11.d4 Ng6 12.Nf1 c6 13.dxe5 dxe5 14.Qxd8 Rxd8 15.Be3 
Bxe3 16.Rxe3 Bg4 17.h3 Bd7 18.Ng3 Nf4 19.Nxe5 Be6 20.Bxe6 Nxe6 21.b4 c5 
22.Rb1 cxb4 23.Rxb4 Rd1+ 24.Kh2 Nc5 25.Rc4 Nb3 26.Rc7 Nxa5 27.Nxf7 Rd7 28.
Rxd7 Nxd7 29.Nd6 Ne5 30.Ngf5 Rd8 31.Rg3 g6 32.f4 Kh7 33.fxe5 gxf5 34.exf5 
Nc6 35.Nf7 Rg8 36.Rd3 a5 37.Rd7 Rg7 38.f6 Nxe5 39.Nxe5 Rxd7 40.Nxd7 Kg6 
41.Nb6 Kxf6 42.g4 Ke6 43.h4 1-0

[Event "XIII American Continental"]
[Site "Montevideo URU"]
[Date "2018.06.03"]
[Round "3"]
[White "Ramos, Angelo Bil"]
[Black "Carvalho, Guillermo"]
[Result "0-1"]
[WhiteElo "1926"]
[BlackElo "2195"]
[EventDate "2018.06.01"]
[PlyCount "112"]

1.e4 e5 2.Nf3 Nc6 3.Bb5 a6 4.Ba4 Nf6 5.O-O b5 6.Bb3 Bc5 7.c3 d6 8.d4 Bb6 
9.Be3 Bg4 10.h3 Bxf3 11.gxf3 Ne7 12.dxe5 dxe5 13.Bxb6 cxb6 14.Qxd8+ Rxd8 
15.Rd1 O-O 16.Na3 Ng6 17.Rxd8 Rxd8 18.c4 b4 19.Nc2 a5 20.Ne3 Nf4 21.h4 Rd2
22.Rd1 Rxd1+ 23.Bxd1 Nd3 24.b3 Nc1 25.Kf1 Nxa2 26.Ke1 Nc3 27.Bc2 g6 28.Kd2
Ne8 29.Nd5 Nxd5 30.exd5 Nd6 31.Ke3 f6 32.f4 Kf7 33.Kf3 Ke7 34.Bd3 Nb7 35.
fxe5 fxe5 36.Ke3 Nc5 37.Bc2 Kf6 38.f3 h6 39.Bd1 g5 40.h5 Ke7 41.Bc2 Kd6 
42.Kd2 Nd7 43.Bg6 Nf6 44.Ke3 Kc5 45.Bf7 b5 46.cxb5 Kxb5 47.d6 Kc6 48.Kd3 
Kxd6 49.Kc4 e4 50.fxe4 Nxe4 51.Kd4 Nc5 52.Bg8 Ne6+ 53.Ke4 Nf4 54.Kf5 Nxh5 
55.Kg6 Nf4+ 56.Kxh6 g4 0-1

[Event "XIII American Continental"]
[Site "Montevideo URU"]
[Date "2018.06.03"]
[Round "3"]
[White "Donoso Diaz, Sebastian"]
[Black "Moyses Sobrinho, Elias"]
[Result "1-0"]
[WhiteElo "2184"]
[BlackElo "1920"]
[EventDate "2018.06.01"]
[PlyCount "83"]

1.d4 Nf6 2.c4 d5 3.cxd5 Nxd5 4.Nf3 Bf5 5.Qb3 Nb6 6.Nc3 e6 7.e4 Bg6 8.Bg5 
Be7 9.Bxe7 Qxe7 10.h4 h6 11.Ne5 Bh7 12.a4 c6 13.a5 Nc8 14.a6 b6 15.Nxc6 
Nxc6 16.Bb5 Qd6 17.d5 exd5 18.Qxd5 Qxd5 19.exd5 Ne7 20.dxc6 O-O 21.O-O-O 
Rac8 22.Rd6 Bf5 23.Re1 Be6 24.g4 Rc7 25.f4 Bxg4 26.Nd5 Nxd5 27.Rxd5 Rfc8 
28.Re3 Bd7 29.Kd2 Bxc6 30.Bxc6 Rxc6 31.Re7 Rc2+ 32.Kd3 Rxb2 33.Rxa7 Rb3+ 
34.Kd4 Rb4+ 35.Ke5 Re8+ 36.Kd6 Rxf4 37.Kd7 Re6 38.h5 Rc4 39.Rb7 Ra4 40.a7 
Kh7 41.Kc8 b5 42.Rd8 1-0

[Event "XIII American Continental"]
[Site "Montevideo URU"]
[Date "2018.06.03"]
[Round "3"]
[White "Suarez, Pedro"]
[Black "Januario, Severino Pereira"]
[Result "1-0"]
[WhiteElo "1924"]
[BlackElo "2175"]
[EventDate "2018.06.01"]
[PlyCount "53"]

1.d4 d5 2.c4 e6 3.Nc3 Nf6 4.cxd5 Nxd5 5.e4 Nxc3 6.bxc3 c5 7.Nf3 cxd4 8.
cxd4 Bb4+ 9.Bd2 Bxd2+ 10.Qxd2 O-O 11.Bc4 Nd7 12.O-O Nf6 13.Rfe1 b6 14.Ne5 
Bb7 15.f3 Qe7 16.Rac1 Rfd8 17.Red1 Rac8 18.Bb3 h6 19.Qf4 a5 20.Rxc8 Rxc8 
21.Nc4 Qb4 22.Nd6 Rc7 23.Nxf7 Rd7 24.Nxh6+ Kh8 25.Qh4 Nh7 26.Bxe6 Re7 27.
Nf7+ 1-0

[Event "XIII American Continental"]
[Site "Montevideo URU"]
[Date "2018.06.03"]
[Round "3"]
[White "Madeira, Wagner Martins"]
[Black "Busca, Joaquin"]
[Result "1-0"]
[WhiteElo "2171"]
[BlackElo "1889"]
[EventDate "2018.06.01"]
[PlyCount "51"]

1.e4 c6 2.Nc3 d5 3.Nf3 dxe4 4.Nxe4 Bf5 5.Ng3 Bg6 6.h4 h6 7.Ne5 Bh7 8.Qh5 
g6 9.Bc4 e6 10.Qe2 Qc7 11.d4 Bg7 12.Bf4 Qe7 13.O-O-O Nd7 14.Ne4 Ngf6 15.
Nxf7 Nxe4 16.Nxh8 g5 17.hxg5 Bxh8 18.Rxh6 Nxg5 19.Qh5+ Qf7 20.Bxg5 Qxh5 
21.Rxh5 Nf8 22.Rdh1 Kf7 23.Rxh7+ Nxh7 24.Rxh7+ Kg6 25.Rxh8 Rxh8 26.Be3 1-0

[Event "XIII American Continental"]
[Site "Montevideo URU"]
[Date "2018.06.03"]
[Round "3"]
[White "Ledezma Panades, Hernan Javier"]
[Black "Carvalho, Herbert Abreu"]
[Result "1-0"]
[WhiteElo "1887"]
[BlackElo "2149"]
[EventDate "2018.06.01"]
[PlyCount "63"]

1.e4 Nf6 2.e5 Nd5 3.d4 d6 4.c4 Nb6 5.exd6 cxd6 6.Nc3 g6 7.b3 Bg7 8.Bb2 O-O
9.Nf3 e5 10.Be2 Qe7 11.O-O e4 12.Ne1 f5 13.a4 a5 14.Ba3 Rd8 15.Nb5 Na6 16.
Rc1 Nb4 17.Nc2 f4 18.Nxb4 axb4 19.Bxb4 f3 20.gxf3 Bh3 21.Kh1 Bxf1 22.Qxf1 
Nc8 23.Qe1 Re8 24.c5 dxc5 25.Bxc5 Qh4 26.Nc7 Bh6 27.Nxe8 Bf4 28.Qg1 Bxc1 
29.Qxc1 Qxf2 30.Qc4+ Kh8 31.Bf8 h5 32.Nf6 1-0

[Event "XIII American Continental"]
[Site "Montevideo URU"]
[Date "2018.06.03"]
[Round "3"]
[White "Maestro, Esteban"]
[Black "Balzano, Ivan"]
[Result "0-1"]
[WhiteElo "1444"]
[BlackElo "2142"]
[EventDate "2018.06.01"]
[PlyCount "64"]

1.e4 c5 2.Nf3 Nc6 3.d4 cxd4 4.Nxd4 Nf6 5.Nc3 d6 6.Be2 e5 7.Nb3 Be7 8.Be3 
O-O 9.f3 a5 10.a4 Nb4 11.O-O d5 12.Nxd5 Nfxd5 13.exd5 Bf5 14.Rc1 Nxd5 15.
Bc5 Bxc5+ 16.Nxc5 Rc8 17.c4 Rxc5 18.cxd5 Rxd5 19.Qb3 Rd2 20.Bc4 Qd4+ 21.
Kh1 Rxb2 22.Qd1 Rd8 23.Qxd4 Rxd4 24.Rfd1 Rxd1+ 25.Rxd1 Rb1 26.Rxb1 Bxb1 
27.Kg1 Bc2 28.Bb5 Kf8 29.Kf2 Ke7 30.Ke2 Bf5 31.Ke3 Bd7 32.Bxd7 Kxd7 0-1

[Event "XIII American Continental"]
[Site "Montevideo URU"]
[Date "2018.06.03"]
[Round "3"]
[White "Rothebarth, Ana Vitoria de Paula"]
[Black "Pinero, Ismael"]
[Result "1-0"]
[WhiteElo "2090"]
[BlackElo "1883"]
[EventDate "2018.06.01"]
[PlyCount "48"]

1.e4 c5 2.Nf3 a6 3.c3 Nf6 4.e5 Nd5 5.d4 cxd4 6.Qxd4 e6 7.Bg5 Qb6 8.Qxb6 
Nxb6 9.Nbd2 d5 10.exd6 Bxd6 11.Ne4 Bc7 12.Rd1 O-O 13.Be2 h6 14.Be7 Re8 15.
Ba3 Nc6 16.O-O Nd5 17.Rfe1 Nf4 18.Bf1 e5 19.Nd6 Bxd6 20.Rxd6 Bg4 21.Nd2 
Re6 22.Nc4 b5 23.Rxe6 Bxe6 24.Nxe5 Bxa2 1-0

[Event "XIII American Continental"]
[Site "Montevideo URU"]
[Date "2018.06.03"]
[Round "3"]
[White "Marrero, Javier"]
[Black "Arias Bouzada, Jorge"]
[Result "0-1"]
[WhiteElo "1849"]
[BlackElo "2097"]
[EventDate "2018.06.01"]
[PlyCount "70"]

1.c4 c5 2.Nc3 Nf6 3.e3 g6 4.g3 Bg7 5.Bg2 O-O 6.Nge2 d6 7.h3 Nc6 8.O-O Bd7 
9.a3 Qc8 10.Kh2 Ne5 11.d3 Bc6 12.Nd5 Nxd5 13.cxd5 Bb5 14.d4 cxd4 15.exd4 
Nd3 16.Be4 Nxc1 17.Rxc1 Qd7 18.Re1 Rac8 19.Nc3 Ba6 20.f4 Bf6 21.Bf3 Rc4 
22.Ne2 Qa4 23.Rxc4 Qxc4 24.b3 Qc7 25.Qd2 Qb6 26.Nc1 Rc8 27.g4 Qxd4 28.Qxd4
Bxd4 29.Ne2 Rc2 30.Kg3 Bf6 31.g5 Bg7 32.Ng1 Kf8 33.Bd1 Rd2 34.Bf3 Bb2 35.
a4 Rd3 0-1

[Event "XIII American Continental"]
[Site "Montevideo URU"]
[Date "2018.06.03"]
[Round "3"]
[White "Torres Acosta, Raul"]
[Black "Restuccia, Francisco"]
[Result "0-1"]
[WhiteElo "1676"]
[BlackElo "2094"]
[EventDate "2018.06.01"]
[PlyCount "54"]

1.e4 c5 2.d4 cxd4 3.c3 dxc3 4.Nxc3 Nc6 5.Nf3 d6 6.Bc4 a6 7.O-O Nf6 8.Be3 
e6 9.Re1 Be7 10.e5 dxe5 11.Qxd8+ Bxd8 12.Bc5 Nd7 13.Bd6 Be7 14.Bxe5 Ndxe5 
15.Nxe5 Nxe5 16.Rxe5 Bf6 17.Re3 O-O 18.Rd1 b5 19.Bb3 Bb7 20.Rd7 Bc6 21.Rd6
Rfc8 22.Kf1 g6 23.Rd1 a5 24.Ree1 a4 25.Bc2 b4 26.Ne4 Bxb2 27.Rb1 Bb5+ 0-1

[Event "XIII American Continental"]
[Site "Montevideo URU"]
[Date "2018.06.03"]
[Round "3"]
[White "Bustelo, Tabare"]
[Black "Cortes Arias, Mariela"]
[Result "1-0"]
[WhiteElo "2050"]
[BlackElo "1830"]
[EventDate "2018.06.01"]
[PlyCount "58"]

1.e4 c5 2.Nc3 Nc6 3.Bc4 g6 4.f4 Bg7 5.Nf3 d6 6.O-O e6 7.d3 Nge7 8.Qe1 O-O 
9.Bb3 b6 10.Bd2 Bb7 11.Qh4 d5 12.Rae1 dxe4 13.dxe4 Ba6 14.f5 exf5 15.Bg5 
Bxf1 16.Kxf1 Qc7 17.Nb5 Qd7 18.e5 Na5 19.Bxe7 Qxb5+ 20.c4 Qd7 21.e6 Qd3+ 
22.Kg1 fxe6 23.Bxf8 Rxf8 24.Qe7 Nxb3 25.Qxe6+ Kh8 26.axb3 Rd8 27.Ng5 Bd4+ 
28.Kh1 Kg7 29.Qe7+ Kh6 1-0

[Event "XIII American Continental"]
[Site "Montevideo URU"]
[Date "2018.06.03"]
[Round "3"]
[White "Manzi, Luiz Antonio Bardaro"]
[Black "Do Prado, Hamilton Mesquita"]
[Result "1-0"]
[WhiteElo "2030"]
[BlackElo "1681"]
[EventDate "2018.06.01"]
[PlyCount "75"]

1.Nf3 d5 2.b3 Nf6 3.Bb2 Bf5 4.e3 e6 5.d4 Bd6 6.Bd3 Ne4 7.O-O Nd7 8.Nbd2 c6
9.Ne5 Nxe5 10.dxe5 Be7 11.Bxe4 dxe4 12.Qe2 Qc7 13.a4 Rd8 14.Rad1 h5 15.h3 
g5 16.Qc4 g4 17.Nxe4 gxh3 18.Nd6+ Kf8 19.g3 Bh7 20.Qf4 Bg6 21.Kh2 Rh7 22.
Rd2 f5 23.Rfd1 Kg7 24.Qc4 Bf7 25.e4 fxe4 26.Qxe4 Bg8 27.Qe3 Kh8 28.Qxa7 
Rb8 29.Ne4 Bd8 30.Nf6 Bxf6 31.exf6 Rf7 32.Qe3 Qa5 33.Be5 Re8 34.Qg5 Bh7 
35.Qxh5 Kg8 36.Rd7 Ref8 37.Rxf7 Rxf7 38.Rd7 1-0

[Event "XIII American Continental"]
[Site "Montevideo URU"]
[Date "2018.06.03"]
[Round "3"]
[White "Belistri, Ubaldo"]
[Black "Garmendia Vega, Gabriel"]
[Result "0-1"]
[WhiteElo "1867"]
[BlackElo "2029"]
[EventDate "2018.06.01"]
[PlyCount "36"]

1.d4 Nf6 2.c4 e6 3.Nf3 Bb4+ 4.Bd2 Qe7 5.a3 Bxd2+ 6.Nbxd2 d5 7.e3 O-O 8.Be2
b6 9.Rc1 Bb7 10.c5 c6 11.O-O Nbd7 12.cxb6 axb6 13.Qb3 Rfb8 14.Rfe1 c5 15.
Bb5 c4 16.Qc2 Ne8 17.e4 Nd6 18.e5 Nxb5 0-1

[Event "XIII American Continental"]
[Site "Montevideo URU"]
[Date "2018.06.03"]
[Round "3"]
[White "Durante, Aurelio"]
[Black "Ramirez, Agustin"]
[Result "1-0"]
[WhiteElo "2006"]
[BlackElo "1675"]
[EventDate "2018.06.01"]
[PlyCount "117"]

1.d4 d5 2.Nf3 Nf6 3.Bf4 Bf5 4.e3 e6 5.h3 h6 6.Be2 Bd6 7.Ne5 Nbd7 8.Nd2 Nb6
9.O-O O-O 10.c3 c6 11.Re1 Qc7 12.a4 Nbd7 13.Ndf3 Be4 14.Nxd7 Qxd7 15.Be5 
Bxf3 16.Bxf3 Bxe5 17.dxe5 Nh7 18.h4 Rfd8 19.Qd4 Nf8 20.Bd1 Qc7 21.b4 Ng6 
22.f4 Nxh4 23.Bc2 Ng6 24.Kf2 Qb6 25.Qd3 Qc7 26.Rh1 c5 27.bxc5 Qxc5 28.Rhb1
b6 29.Rb5 Qc4 30.Qxc4 dxc4 31.Bxg6 fxg6 32.a5 bxa5 33.Rc5 Rdc8 34.Raxa5 
Rxc5 35.Rxc5 a5 36.Rxc4 a4 37.Rb4 a3 38.Rb1 a2 39.Ra1 Kf7 40.Ke2 Ke7 41.
Kd2 Kd7 42.Kc2 Kc6 43.Kb2 Kc5 44.Rxa2 Rxa2+ 45.Kxa2 g5 46.fxg5 hxg5 47.Kb3
g4 48.g3 Kd5 49.Kb4 Kc6 50.Kc4 g6 51.Kb4 Kb6 52.c4 Kc6 53.c5 g5 54.Kc4 Kd7
55.Kb5 Kc7 56.c6 Kb8 57.Kb6 Kc8 58.c7 Kd7 59.Kb7 1-0

[Event "XIII American Continental"]
[Site "Montevideo URU"]
[Date "2018.06.03"]
[Round "3"]
[White "Izquierdo, Sebastian"]
[Black "Palacio, Enzo"]
[Result "1/2-1/2"]
[WhiteElo "1992"]
[BlackElo "1633"]
[EventDate "2018.06.01"]
[PlyCount "73"]

1.c4 e5 2.Nc3 Nf6 3.g3 Nc6 4.Bg2 g6 5.e3 Bg7 6.Nge2 O-O 7.O-O d6 8.d4 Nd7 
9.b3 f5 10.Bb2 Ne7 11.Nd5 c6 12.Nxe7+ Qxe7 13.dxe5 dxe5 14.Qd2 Nc5 15.Rad1
Be6 16.Ba3 Rfe8 17.Qa5 Bf8 18.Bb2 Bg7 19.Rd2 b6 20.Qc3 e4 21.Qxg7+ Qxg7 
22.Bxg7 Kxg7 23.Rd6 Rad8 24.Rfd1 Nb7 25.Rxd8 Rxd8 26.Rxd8 Nxd8 27.f3 exf3 
28.Bxf3 c5 29.e4 fxe4 30.Bxe4 Kf6 31.Kf2 Ke5 32.Ke3 Bd7 33.Nf4 Nc6 34.Nd3+
Kf6 35.Bxc6 Bxc6 36.Kf4 g5+ 37.Ke3 1/2-1/2

[Event "XIII American Continental"]
[Site "Montevideo URU"]
[Date "2018.06.03"]
[Round "3"]
[White "Ruggiero, Alvaro"]
[Black "Bon, Charles"]
[Result "1-0"]
[WhiteElo "1894"]
[BlackElo "1591"]
[EventDate "2018.06.01"]
[PlyCount "43"]

1.e4 c5 2.Nc3 d6 3.f4 Nc6 4.Nf3 g6 5.Bc4 Bg7 6.O-O e6 7.a3 Nge7 8.Qe1 O-O 
9.d3 a6 10.Qh4 Nd4 11.Nxd4 Bxd4+ 12.Kh1 Nc6 13.Qg3 b5 14.Ba2 Bd7 15.f5 Be5
16.Bf4 Qe7 17.Bxe5 Nxe5 18.f6 Qd8 19.Qg5 Kh8 20.Rf4 Rg8 21.Rh4 Qf8 22.Rf1 
1-0

[Event "XIII American Continental"]
[Site "Montevideo URU"]
[Date "2018.06.03"]
[Round "3"]
[White "Barandiaran, Gabriel"]
[Black "Podesta, Sofia"]
[Result "1-0"]
[WhiteElo "1882"]
[BlackElo "1195"]
[EventDate "2018.06.01"]
[PlyCount "79"]

1.e4 e6 2.d4 d5 3.Nd2 Be7 4.Bd3 Nf6 5.e5 Nfd7 6.Ne2 b6 7.O-O Ba6 8.Nf3 c5 
9.c3 Bxd3 10.Qxd3 O-O 11.Bd2 Nc6 12.Rac1 Rc8 13.Rfe1 Re8 14.Kh1 Nf8 15.Nf4
Ng6 16.Nh3 Qd7 17.Nfg5 h6 18.Nf3 Bd8 19.Nf4 Nxf4 20.Bxf4 Ne7 21.Nd2 Nf5 
22.b3 b5 23.dxc5 Rxc5 24.g4 Nh4 25.Ne4 Rc6 26.Nd6 Rf8 27.Nxb5 a6 28.Nd4 
Rb6 29.Rg1 Qb7 30.g5 Rb5 31.gxh6 g6 32.Bg5 Bxg5 33.Rxg5 Rc8 34.Qh3 Nf5 35.
Nxf5 d4+ 36.Kg1 exf5 37.Qxf5 Kh7 38.Qf6 Rg8 39.cxd4 Kxh6 40.Rg4 1-0

[Event "XIII American Continental"]
[Site "Montevideo URU"]
[Date "2018.06.03"]
[Round "3"]
[White "Miraballes Lopez, Andres"]
[Black "Pena Canapa, Alfredo"]
[Result "0-1"]
[WhiteElo "1665"]
[BlackElo "1925"]
[EventDate "2018.06.01"]
[PlyCount "68"]

1.e4 e5 2.Nf3 Nc6 3.Bc4 Bc5 4.c3 Nf6 5.d3 a6 6.Be3 d6 7.Bxc5 dxc5 8.a4 O-O
9.O-O Bg4 10.Nbd2 Re8 11.Qc2 Rb8 12.Ng5 Bh5 13.f4 h6 14.fxe5 Nxe5 15.Ngf3 
Nxc4 16.Nxc4 b5 17.axb5 axb5 18.Ncd2 Qd7 19.Rae1 Qc6 20.Nh4 Ng4 21.Ndf3 f6
22.Nf5 Rbd8 23.h3 Ne5 24.Nxe5 fxe5 25.Qb3+ Kh8 26.g4 Bg6 27.Rc1 Rxd3 28.
Ne7 Qxe4 29.Nxg6+ Qxg6 30.Rf2 Rxh3 31.Rcf1 Qxg4+ 32.Rg2 Qh4 33.Rxg7 Rh1+ 
34.Kg2 Qh3+ 0-1

[Event "XIII American Continental"]
[Site "Montevideo URU"]
[Date "2018.06.03"]
[Round "3"]
[White "Amaral, Francisco"]
[Black "Davila Texeira, Mario"]
[Result "1/2-1/2"]
[WhiteElo "1637"]
[BlackElo "1873"]
[EventDate "2018.06.01"]
[PlyCount "20"]

1.e4 e5 2.Nf3 Nf6 3.Nxe5 d6 4.Nf3 Nxe4 5.Nc3 Nxc3 6.dxc3 Be7 7.Be2 Nd7 8.
O-O O-O 9.Be3 Nf6 10.Nd4 Re8 1/2-1/2

[Event "XIII American Continental"]
[Site "Montevideo URU"]
[Date "2018.06.03"]
[Round "3"]
[White "Oviedo, Mathias"]
[Black "Zaruski, Julio"]
[Result "0-1"]
[WhiteElo "1611"]
[BlackElo "1862"]
[EventDate "2018.06.01"]
[PlyCount "84"]

1.e4 e5 2.Nf3 Nc6 3.Bc4 Be7 4.c3 Nf6 5.d3 d6 6.Nbd2 O-O 7.Bb3 h6 8.Nf1 Re8
9.Ng3 Bf8 10.O-O Be6 11.Bc2 d5 12.d4 exd4 13.e5 Ne4 14.cxd4 Nxg3 15.hxg3 
g6 16.Nh4 b6 17.a3 a5 18.Qd3 Ne7 19.f4 Nf5 20.Qc3 Nxd4 21.Bd3 c5 22.f5 
gxf5 23.Nxf5 Bxf5 24.Rxf5 Nxf5 25.Bxf5 Bg7 26.Bf4 d4 27.Qf3 b5 28.Qg4 Ra6 
29.Re1 Ree6 30.Kf2 d3 31.Rh1 Kf8 32.Bxe6 Rxe6 33.Rd1 c4 34.Qf5 Qd4+ 35.Kf1
b4 36.axb4 Qxb2 37.bxa5 Qe2+ 38.Kg1 Qxd1+ 39.Kh2 Qa4 40.Qe4 Qxa5 41.Qxc4 
Qd8 42.Kh3 Kg8 0-1

[Event "XIII American Continental"]
[Site "Montevideo URU"]
[Date "2018.06.03"]
[Round "3"]
[White "Visillac, Alejandro"]
[Black "Fein, Jorge"]
[Result "1/2-1/2"]
[WhiteElo "1830"]
[BlackElo "1648"]
[EventDate "2018.06.01"]
[PlyCount "97"]

1.e4 e5 2.Nf3 Nc6 3.Bb5 a6 4.Bxc6 dxc6 5.d4 exd4 6.Qxd4 Qxd4 7.Nxd4 Bc5 8.
Be3 Bb6 9.Nd2 Nf6 10.f3 O-O 11.Nc4 Ba7 12.Nf5 Bxf5 13.Bxa7 Rxa7 14.exf5 
Re8+ 15.Kf2 Raa8 16.Rad1 Nd5 17.Rhe1 Kf8 18.Re4 Nf6 19.Ree1 Nd5 20.a3 Rxe1
21.Rxe1 Nf6 22.Re2 b6 23.Rd2 Re8 24.Ne3 h6 25.Nf1 Nd5 26.Rd4 Nf6 27.Nd2 
Re5 28.g4 Rd5 29.Ke3 Rxd4 30.Kxd4 Ke7 31.Nc4 Nd7 32.Ne5 Nxe5 33.Kxe5 f6+ 
34.Kd4 Kd6 35.f4 c5+ 36.Ke4 c6 37.h4 b5 38.c3 a5 39.g5 h5 40.Ke3 Kd5 41.
Kd3 a4 42.g6 c4+ 43.Ke3 c5 44.Kf3 Kc6 45.Kf2 Kd6 46.Ke3 Kd5 47.Kf3 Kc6 48.
Ke4 Kd6 49.Ke3 1/2-1/2

[Event "XIII American Continental"]
[Site "Montevideo URU"]
[Date "2018.06.03"]
[Round "3"]
[White "Cardozo, Camila"]
[Black "Ortiz, Jorge"]
[Result "0-1"]
[WhiteElo "1586"]
[BlackElo "1784"]
[EventDate "2018.06.01"]
[PlyCount "76"]

1.d4 Nf6 2.Nf3 g6 3.c4 c5 4.d5 b5 5.cxb5 a6 6.b6 Qxb6 7.Nc3 Bg7 8.e4 d6 9.
Be2 O-O 10.O-O Nbd7 11.Qc2 a5 12.Nb5 a4 13.Rb1 Ba6 14.Nc3 Bxe2 15.Qxe2 Ng4
16.Bg5 f6 17.Bd2 Rfb8 18.Ng5 Nxh2 19.Rfe1 fxg5 20.Kxh2 h6 21.Qg4 Ne5 22.
Qe6+ Kh7 23.b3 a3 24.Na4 Qd8 25.Qh3 Qd7 26.Qxd7 Nxd7 27.Nc3 Ne5 28.Ne2 Nd3
29.Rf1 Nb4 30.Nc1 Bb2 31.f4 gxf4 32.Bxf4 Rf8 33.Rf3 Bxc1 34.Bxc1 Rxf3 35.
gxf3 Nxa2 36.Kg2 Nb4 37.Ra1 a2 38.Bd2 Nc2 0-1

[Event "XIII American Continental"]
[Site "Montevideo URU"]
[Date "2018.06.03"]
[Round "3"]
[White "Marques, Ubiratan De Azevedo"]
[Black "Arias Duran, Jorge"]
[Result "1-0"]
[WhiteElo "1777"]
[BlackElo "1581"]
[EventDate "2018.06.01"]
[PlyCount "63"]

1.d4 Nf6 2.Nf3 c5 3.c3 cxd4 4.Nxd4 e5 5.Nf5 d5 6.Ng3 Nc6 7.e3 Bd6 8.Nd2 
O-O 9.Be2 Be6 10.Nf3 a5 11.O-O a4 12.Nd2 Qb6 13.e4 Rfd8 14.Qc2 d4 15.Nc4 
Bxc4 16.Bxc4 Bc5 17.Bd3 h6 18.Nf5 dxc3 19.bxc3 Ng4 20.Rb1 Qa7 21.Rb2 Nxf2 
22.Bc4 Nxe4+ 23.Kh1 Nf2+ 24.Rxf2 Bxf2 25.Qe2 Bc5 26.h3 Ne7 27.Qf3 Nxf5 28.
Bxf7+ Kxf7 29.Rxb7+ Qxb7 30.Qxb7+ Kg8 31.Qf3 Rf8 32.Qe4 1-0

[Event "XIII American Continental"]
[Site "Montevideo URU"]
[Date "2018.06.03"]
[Round "3"]
[White "Mordetzki, Ariel"]
[Black "Campora, Edgardo"]
[Result "0-1"]
[WhiteElo "1542"]
[BlackElo "1772"]
[EventDate "2018.06.01"]
[PlyCount "52"]

1.e4 g6 2.d4 Bg7 3.Nc3 d6 4.Be3 Nf6 5.f3 a6 6.Qd2 Nbd7 7.Bh6 O-O 8.Bxg7 
Kxg7 9.h4 e5 10.Nge2 c5 11.dxe5 dxe5 12.O-O-O Qa5 13.h5 Rd8 14.hxg6 fxg6 
15.Qh6+ Kg8 16.Kb1 Nf8 17.Rxd8 Qxd8 18.Nc1 Be6 19.Nd3 Qc7 20.Qg5 N6d7 21.
f4 exf4 22.Nxf4 Bf7 23.Ncd5 Qd6 24.Bc4 Re8 25.Re1 b5 26.Be2 Re5 0-1